| 000 | 00961cam a2200265 4500 | ||
|---|---|---|---|
| 008 | 090401t1995 xxu||||| |||| 00| 0 eng d | ||
| 020 | _a011753143X | ||
| 035 | _a(Sirsi) u53223 | ||
| 041 | _aeng | ||
| 050 | _a711.5520212 | ||
| 110 |
_aUnited Kingdom _bDepartment of the Environment _9982 |
||
| 245 | _aCommercial and industrial floorspace statistics 1995: England and Wales. | ||
| 250 | _a15th ed. | ||
| 260 |
_aLondon _bHMSO _c1995 |
||
| 300 | _avii,107p. ; 30x21cm. | ||
| 350 | _a45 | ||
| 520 | _aPrevious edition published in 1986. Provides floorspace statistics for factories and mills, warehouses and workshops, offices, and shops and restaurants compiled from information provided by the Valuation Office Agency. | ||
| 650 | _aPROPERTY-COMMERCIAL PROPERTY | ||
| 650 | _aFLOORSPACE STATISTICS | ||
| 650 | _aHEREDITAMENTS | ||
| 650 | _aINDUSTRIAL PROPERTY | ||
| 690 | _aPROPERTY-COMMERCIAL PROPERTY | ||
| 942 | _n0 | ||
| 948 | _c04/03/1997 | ||
| 999 |
_c93239 _d93239 |
||